[Event "Mistrzostwa Polski Juniorów Młodszych"]
[Site "Suwałki, Poland"]
[Date "2025.04.27"]
[Round "5.12"]
[White "Lisek, Adam"]
[Black "Kopacki, Aleksander"]
[Result "1/2-1/2"]
[WhiteElo "1575"]
[BlackElo "1980"]
[PlyCount "81"]
[EventDate "2025.??.??"]

1. d4 d5 2. c4 e6 3. Nc3 Nf6 4. cxd5 exd5 5. Bg5 Be7 6. e3 c6 7. Bd3 Nbd7 8. Nf3 Ne4 9. Bxe7 Qxe7 10. Bxe4 dxe4 11. Nd2 Nf6 12. Qc2 Bf5 13. h3 h5 14. Rd1 O-O 15. Nb3 Rac8 16. O-O Bg6 17. Rd2 Rfd8 18. Rfd1 Kh8 19. Qc1 Rc7 20. Ne2 Nd5 21. a3 f6 22. Nc3 Bf7 23. Nxd5 Bxd5 24. Qc3 Bxb3 25. Qxb3 Rd5 26. Rc1 Rcd7 27. Rdc2 f5 28. Rc5 g6 29. Rxd5 Rxd5 30. Rc5 Qd7 31. Qb4 Kg7 32. Rxd5 cxd5 33. Kf1 Kf7 34. Ke2 b6 35. Kd2 Qc6 36. Qc3 Qxc3+ 37. Kxc3 Ke6 38. Kb4 a6 39. a4 Kd6 40. h4 Kc6 41. a5 1/2-1/2

[Event "Mistrzostwa Polski Juniorów Młodszych"]
[Site "Suwałki, Poland"]
[Date "2025.04.27"]
[Round "5.25"]
[White "Szczukiewicz, Wojciech"]
[Black "Ladon, Jeremi"]
[Result "1/2-1/2"]
[WhiteElo "1615"]
[BlackElo "1670"]
[PlyCount "64"]
[EventDate "2025.??.??"]

1. e4 e5 2. Nf3 Nc6 3. d4 exd4 4. Bc4 Bc5 5. Ng5 Nh6 6. Nxf7 Nxf7 7. Bxf7+ Kxf7 8. Qh5+ g6 9. Qxc5 d5 10. Qxd5+ Qxd5 11. exd5 Nb4 12. Na3 Re8+ 13. Kd1 Bd7 14. d6 cxd6 15. Bd2 Nd5 16. Nc4 Re6 17. Re1 Rae8 18. Rxe6 Rxe6 19. a4 Bc6 20. Ra3 Nf6 21. f3 b6 22. Rd3 d5 23. Na3 Bxa4 24. Rxd4 Bc6 25. b4 b5 26. Nb1 Nd7 27. Nc3 Nb6 28. Bf4 a6 29. Bc7 Na4 30. Kd2 Nxc3 31. Kxc3 Re2 32. Rd2 Re3+ 1/2-1/2

[Event "Mistrzostwa Polski Juniorów Młodszych"]
[Site "Suwałki, Poland"]
[Date "2025.04.27"]
[Round "5.1"]
[White "Wites, Adam"]
[Black "Ejsymont, Eryk"]
[Result "1/2-1/2"]
[WhiteElo "1901"]
[BlackElo "1908"]
[PlyCount "65"]
[EventDate "2025.??.??"]

1. e4 c6 2. d4 d5 3. Nc3 dxe4 4. Nxe4 Nf6 5. Nxf6+ exf6 6. Be3 Bd6 7. Bd3 O-O 8. Qh5 f5 9. Ne2 Nd7 10. O-O Nf6 11. Qf3 g6 12. Bg5 Kg7 13. Qh3 h5 14. Qh4 Be7 15. Ng3 Nd5 16. Bxe7 Qxe7 17. Qxe7 Nxe7 18. Rfe1 Be6 19. Ne2 g5 20. h4 gxh4 21. Nf4 Kf6 22. Nxh5+ Kg5 23. Ng7 Kf6 24. Nh5+ Kg5 25. Ng7 Kf6 26. Nxe6 fxe6 27. Bc4 Nd5 28. Re5 Nf4 29. Rae1 Rae8 30. R1e3 Rg8 31. g3 hxg3 32. fxg3 Nd5 33. Bxd5 1/2-1/2

[Event "Mistrzostwa Polski Juniorów Młodszych"]
[Site "Suwałki, Poland"]
[Date "2025.04.27"]
[Round "5.4"]
[White "Buklaho, Ignacy"]
[Black "Bilochenko, Matvii"]
[Result "1-0"]
[WhiteElo "1932"]
[BlackElo "2027"]
[PlyCount "65"]
[EventDate "2025.??.??"]

1. c4 g6 2. Nc3 Bg7 3. e4 d6 4. d4 Nf6 5. h3 O-O 6. Be3 Na6 7. g4 c5 8. Nge2 cxd4 9. Nxd4 Nc5 10. Bg2 Bd7 11. O-O Qc7 12. f4 Ne6 13. Rc1 Nxd4 14. Bxd4 Bc6 15. Nd5 Bxd5 16. exd5 Nd7 17. Bxg7 Kxg7 18. Qd2 a5 19. Kh1 Qc5 20. b3 Rfe8 21. Rce1 Qb4 22. Qd4+ Kg8 23. f5 Ne5 24. Qe3 a4 25. c5 axb3 26. cxd6 exd6 27. f6 Kh8 28. Qh6 Rg8 29. Re4 Qc3 30. g5 Qg3 31. Rff4 Nf3 32. Bxf3 bxa2 33. Qxh7+ 1-0

[Event "Mistrzostwa Polski Juniorów Młodszych"]
[Site "Suwałki, Poland"]
[Date "2025.04.27"]
[Round "5.8"]
[White "Machaj, Szymon"]
[Black "Kopia, Julian"]
[Result "0-1"]
[WhiteElo "1760"]
[BlackElo "1814"]
[PlyCount "85"]
[EventDate "2025.??.??"]

1. e4 c5 2. Nf3 Nc6 3. d4 cxd4 4. Nxd4 Qb6 5. Nb3 Nf6 6. Nc3 e6 7. Be3 Qc7 8. a3 a6 9. Be2 Be7 10. O-O O-O 11. Qd2 b5 12. f3 d6 13. Rad1 Rd8 14. Rfe1 Bb7 15. Bf1 Rab8 16. Qf2 Ba8 17. Qg3 Kh8 18. Rd2 Ne5 19. Red1 Nc4 20. Bxc4 bxc4 21. Nd4 Rxb2 22. h4 Qa5 23. Nce2 Qxa3 24. Bg5 h6 25. Bxf6 Bxf6 26. Qh3 g6 27. g4 Bg7 28. g5 h5 29. Kf2 Bxe4 30. Qg2 Bb7 31. Qh3 Qc5 32. Kf1 a5 33. Nxe6 fxe6 34. Nf4 Kh7 35. Nxe6 Bc8 36. Rd5 Qe3 37. Re1 Bxe6 38. Qg2 Qc3 39. Rxe6 Rxc2 40. Re2 Rxe2 41. Qxe2 a4 42. Rd2 d5 43. Ra2 0-1

[Event "Mistrzostwa Polski Juniorów Młodszych"]
[Site "Suwałki, Poland"]
[Date "2025.04.27"]
[Round "5.14"]
[White "Kaczmarek, Piotr"]
[Black "Wojtun, Maksymilian"]
[Result "1-0"]
[WhiteElo "1767"]
[BlackElo "1694"]
[PlyCount "79"]
[EventDate "2025.??.??"]

1. d4 Nf6 2. c4 e6 3. Nf3 c5 4. e3 Be7 5. Nc3 O-O 6. g3 b6 7. Bg2 Bb7 8. O-O d5 9. Ne5 Nc6 10. f4 cxd4 11. Nxc6 Bxc6 12. exd4 Rc8 13. Be3 dxc4 14. Bxc6 Rxc6 15. Qa4 Qd7 16. Nb5 Nd5 17. Qxa7 Qxa7 18. Nxa7 Rc7 19. Nb5 Nxe3 20. Nxc7 Nxf1 21. Kxf1 b5 22. Nxb5 Rb8 23. a4 f5 24. Rc1 Rc8 25. b3 c3 26. Rxc3 Rd8 27. Ke2 g5 28. Ke3 h5 29. Na7 Bf6 30. Nc6 Ra8 31. a5 Kh7 32. b4 h4 33. b5 Rg8 34. Ne5 gxf4+ 35. gxf4 Rg1 36. Nf3 Ra1 37. a6 Ra5 38. Rb3 Be7 39. Ne5 Bd8 40. Nc6 1-0

[Event "Mistrzostwa Polski Juniorów Młodszych"]
[Site "Suwałki, Poland"]
[Date "2025.04.27"]
[Round "5.16"]
[White "Koch, Maciej"]
[Black "Janeczek, Maksymilian"]
[Result "1-0"]
[WhiteElo "1668"]
[BlackElo "1748"]
[PlyCount "71"]
[EventDate "2025.??.??"]

1. e4 c5 2. Nf3 d6 3. d4 cxd4 4. Nxd4 Nf6 5. Nc3 e6 6. Be3 a6 7. f3 b5 8. a3 Nbd7 9. g4 Nb6 10. Qd2 Bb7 11. h4 Rc8 12. h5 Nfd7 13. Be2 Ne5 14. b3 d5 15. f4 Nc6 16. e5 b4 17. Nb1 bxa3 18. Nxa3 Qc7 19. c3 Nd7 20. b4 Nxd4 21. Bxd4 Nb8 22. Nc2 Be7 23. Rh3 h6 24. Bd3 O-O 25. g5 hxg5 26. fxg5 Qd8 27. g6 f6 28. h6 fxe5 29. hxg7 Bh4+ 30. Kd1 Rf4 31. Bxe5 Rg4 32. Qh6 Rg1+ 33. Ne1 Rxe1+ 34. Kc2 Rxc3+ 35. Bxc3 Rc1+ 36. Rxc1 1-0

[Event "Mistrzostwa Polski Juniorów Młodszych"]
[Site "Suwałki, Poland"]
[Date "2025.04.27"]
[Round "5.15"]
[White "Kiecana, Ignacy"]
[Black "Pawlak, Mateusz"]
[Result "0-1"]
[WhiteElo "1744"]
[BlackElo "1604"]
[PlyCount "56"]
[EventDate "2025.??.??"]

1. e4 c5 2. Nf3 e6 3. d4 cxd4 4. Nxd4 Nc6 5. Nc3 Qc7 6. Be3 a6 7. Qd2 Nf6 8. O-O-O Bb4 9. f3 Ne7 10. g4 d5 11. e5 Nd7 12. f4 b6 13. h4 Bb7 14. Bg2 Rc8 15. Nde2 d4 16. Nxd4 Bxg2 17. Qxg2 Bxc3 18. bxc3 Qxc3 19. Rh3 O-O 20. Nb3 Qc7 21. Kb1 Nd5 22. Rd2 Nc5 23. Bxc5 bxc5 24. Ka1 Nxf4 25. Qf3 Nxh3 26. Qxh3 Qxe5+ 27. c3 Qe1+ 28. Kb2 c4 0-1

[Event "Mistrzostwa Polski Juniorów Młodszych"]
[Site "Suwałki, Poland"]
[Date "2025.04.27"]
[Round "5.5"]
[White "Serafin, Franciszek"]
[Black "Szeszycki, Jan"]
[Result "1/2-1/2"]
[WhiteElo "1955"]
[BlackElo "1875"]
[PlyCount "99"]
[EventDate "2025.??.??"]

1. e4 c5 2. Nf3 d6 3. Bb5+ Bd7 4. Bxd7+ Qxd7 5. O-O Nf6 6. Qe2 Nc6 7. d3 g6 8. Nc3 Bg7 9. h3 O-O 10. Be3 a6 11. a4 Rab8 12. Qd2 b5 13. axb5 axb5 14. Bh6 Qb7 15. Bxg7 Kxg7 16. Qe3 e5 17. Ne2 Ra8 18. Ng3 h6 19. Nh4 Ne7 20. Rxa8 Qxa8 21. f4 Qc6 22. Qf3 c4 23. Kh2 Qc5 24. Ra1 exf4 25. Qxf4 Rc8 26. Rf1 Qe5 27. Qxe5 dxe5 28. Rf2 cxd3 29. cxd3 Rc1 30. Nf3 Nc6 31. Rd2 b4 32. Ne2 Rc5 33. Ne1 Na5 34. Rc2 Nd7 35. Kg1 Kf6 36. Kf2 Rxc2 37. Nxc2 b3 38. Nb4 Ke6 39. Ke3 Nc5 40. Nc3 Kd6 41. Nbd5 h5 42. h4 Kc6 43. g3 Kd6 44. Nb4 Ke6 45. Nbd5 Kd6 46. Nb6 Kc6 47. Nba4 Nxa4 48. Nxa4 Kb5 49. Nc3+ Kc5 50. Ne2 1/2-1/2

[Event "Mistrzostwa Polski Juniorów Młodszych"]
[Site "Suwałki, Poland"]
[Date "2025.04.27"]
[Round "5.22"]
[White "Guzdziol, Olaf"]
[Black "Malinowski, Tobiasz"]
[Result "0-1"]
[WhiteElo "1601"]
[BlackElo "1653"]
[PlyCount "84"]
[EventDate "2025.??.??"]

1. e4 c5 2. d4 cxd4 3. c3 dxc3 4. Nxc3 e6 5. Nf3 Nc6 6. Bc4 Nge7 7. Bf4 a6 8. O-O Ng6 9. Bg3 Be7 10. Bb3 b5 11. Rc1 Bb7 12. Qe2 O-O 13. Rfd1 Na5 14. Bc2 Rc8 15. a3 d6 16. Rd3 Qb6 17. e5 Rfd8 18. Rcd1 Nc4 19. Bb3 Bxf3 20. Rxf3 Ncxe5 21. Re3 Nc4 22. Bxc4 Rxc4 23. a4 Rdc8 24. axb5 axb5 25. Qd2 d5 26. Rd3 Bf6 27. Ra1 h6 28. h3 Qc6 29. Nd1 Rc2 30. Qb4 Qc4 31. Qa3 Nf4 32. Bxf4 Qxf4 33. g3 Qf5 34. Kg2 Bxb2 35. Qb3 Qe4+ 36. Rf3 Bxa1 37. Qxb5 Be5 38. Qb7 R8c7 39. Qb8+ Kh7 40. Qb3 f5 41. Qa3 R7c3 42. Nxc3 Rxc3 0-1

[Event "Mistrzostwa Polski Juniorów Młodszych"]
[Site "Suwałki, Poland"]
[Date "2025.04.27"]
[Round "5.24"]
[White "Wiekiera, Tomasz"]
[Black "Jedlikowski, Jan"]
[Result "0-1"]
[WhiteElo "1613"]
[BlackElo "1530"]
[PlyCount "72"]
[EventDate "2025.??.??"]

1. d4 f5 2. c4 Nf6 3. Nc3 g6 4. e3 Bg7 5. Bd3 O-O 6. Nf3 d6 7. Qb3 Kh8 8. Bd2 c6 9. Ne2 Qe8 10. Bc3 Nbd7 11. d5 Nc5 12. Qc2 cxd5 13. Bxf6 Bxf6 14. Nf4 Nxd3+ 15. Nxd3 dxc4 16. Qxc4 e5 17. Nb4 Be6 18. Qe2 a5 19. Nc2 Rc8 20. b3 Qc6 21. Rc1 a4 22. O-O axb3 23. axb3 Bxb3 24. Nb4 Qxc1 25. Rxc1 Rxc1+ 26. Ne1 e4 27. f3 Bc3 28. Qb5 Bxe1 29. g4 Bxb4+ 30. Kg2 exf3+ 31. Kg3 Be1+ 32. Kf4 fxg4+ 33. Kxg4 Be6+ 34. Kg5 Rc5+ 35. Kh6 Rxb5 36. e4 Rh5# 0-1

[Event "Mistrzostwa Polski Juniorów Młodszych"]
[Site "Suwałki, Poland"]
[Date "2025.04.27"]
[Round "5.9"]
[White "Bury, Marcel"]
[Black "Kucewicz, Piotr"]
[Result "1/2-1/2"]
[WhiteElo "1809"]
[BlackElo "1764"]
[PlyCount "88"]
[EventDate "2025.??.??"]

1. d4 Nf6 2. Nf3 d5 3. e3 e6 4. Bd3 c5 5. b3 Bd6 6. Bb2 Nbd7 7. Nbd2 Qc7 8. c4 b6 9. O-O Bb7 10. Qc2 O-O 11. Rac1 Rac8 12. Qb1 e5 13. cxd5 Bxd5 14. e4 Bb7 15. dxc5 bxc5 16. Nc4 Rfe8 17. Rfd1 Bf8 18. Re1 Nh5 19. Qa1 Nf4 20. Bf1 f6 21. g3 Ne6 22. Bg2 Nb6 23. Nxb6 axb6 24. Qb1 b5 25. Bf1 Bc6 26. b4 Qb7 27. Nd2 cxb4 28. Nb3 Qb6 29. Qc2 Ng5 30. Nd2 Kh8 31. Bg2 Bd7 32. Qd3 Nh3+ 33. Bxh3 Bxh3 34. Rxc8 Rxc8 35. Nb3 Rd8 36. Qe2 Be6 37. Rd1 Ra8 38. Bc1 Bc4 39. Qc2 Kg8 40. Be3 Qa6 41. Rd2 Qe6 42. Qb1 Ra3 43. Rb2 Qa6 44. Nc5 Qa7 1/2-1/2

[Event "Mistrzostwa Polski Juniorów Młodszych"]
[Site "Suwałki, Poland"]
[Date "2025.04.27"]
[Round "5.6"]
[White "Zajadlak, Milosz"]
[Black "Wolak, Jan"]
[Result "1/2-1/2"]
[WhiteElo "1835"]
[BlackElo "1782"]
[PlyCount "61"]
[EventDate "2025.??.??"]

1. e4 c5 2. Nf3 d6 3. d4 cxd4 4. Nxd4 Nf6 5. Nc3 a6 6. h3 e5 7. Nde2 Be7 8. Ng3 Be6 9. Bg5 Nbd7 10. Qd2 Qa5 11. Be2 h6 12. Be3 d5 13. exd5 Nxd5 14. Nf5 Bxf5 15. Nxd5 Qxd2+ 16. Kxd2 Rc8 17. c3 Bc5 18. Rad1 Be6 19. Kc1 O-O 20. Bxc5 Rxc5 21. Bf3 Kh8 22. Ne3 b5 23. Bg4 f5 24. Be2 Nf6 25. Rd6 Bc8 26. f3 Nh5 27. Rhd1 Nf4 28. Bf1 Rf7 29. Rd8+ Kh7 30. g3 Ne6 31. Re8 1/2-1/2

[Event "Mistrzostwa Polski Juniorów Młodszych"]
[Site "Suwałki, Poland"]
[Date "2025.04.27"]
[Round "5.3"]
[White "Brzezina, Pawel"]
[Black "Olejko, Wojciech"]
[Result "1/2-1/2"]
[WhiteElo "2125"]
[BlackElo "1837"]
[PlyCount "98"]
[EventDate "2025.??.??"]

1. d4 Nf6 2. c4 e6 3. Nf3 b6 4. g3 Bb7 5. Bg2 Bb4+ 6. Bd2 a5 7. O-O O-O 8. Nc3 d6 9. Qc2 Bxc3 10. Bxc3 Nbd7 11. b3 Qe7 12. Rfe1 Rab8 13. e4 e5 14. Rad1 Rfd8 15. d5 Ne8 16. Nd2 g6 17. f4 f6 18. Nf3 Ng7 19. Bb2 Ra8 20. fxe5 Nxe5 21. Nxe5 fxe5 22. Rf1 Rf8 23. Qc3 Bc8 24. Rxf8+ Qxf8 25. Rf1 Qe7 26. Bc1 Bd7 27. Bd2 Re8 28. Qf3 Rf8 29. Bg5 Rxf3 30. Bxe7 Rf7 31. Bd8 Ne8 32. Rxf7 Kxf7 33. Bf1 Bg4 34. Kf2 Bd1 35. Ke3 a4 36. bxa4 Bxa4 37. Bd3 c5 38. Bxb6 Ke7 39. Ba5 Nf6 40. h3 h5 41. Kf2 Bd1 42. Bd2 Kd7 43. Bg5 Nh7 44. h4 Nxg5 45. hxg5 Kc7 46. Ke1 Ba4 47. Kd2 Kb6 48. Bf1 Bd7 49. Kc3 Ka5 1/2-1/2

[Event "Mistrzostwa Polski Juniorów Młodszych"]
[Site "Suwałki, Poland"]
[Date "2025.04.27"]
[Round "5.10"]
[White "Bednarek, Jan"]
[Black "Kilarski, Kacper"]
[Result "0-1"]
[WhiteElo "1989"]
[BlackElo "1701"]
[PlyCount "76"]
[EventDate "2025.??.??"]

1. e4 c5 2. Nf3 g6 3. c4 Nc6 4. d4 cxd4 5. Nxd4 Bg7 6. Be3 Qb6 7. Nb3 Qd8 8. Qd2 Nf6 9. Nc3 d6 10. Be2 O-O 11. O-O a5 12. f3 a4 13. Nd4 Nxd4 14. Bxd4 Qa5 15. Rad1 Be6 16. Kh1 Rfc8 17. b3 axb3 18. axb3 Qb4 19. Rb1 Nd7 20. Bxg7 Kxg7 21. f4 f6 22. f5 Bf7 23. fxg6 hxg6 24. Bg4 Rd8 25. Bxd7 Rxd7 26. e5 Qa5 27. exf6+ exf6 28. Rbe1 Re8 29. Rxf6 Rxe1+ 30. Qxe1 Re7 31. Rxf7+ Kxf7 32. Qc1 Qe5 33. Qf1+ Qf5 34. Qg1 Qd3 35. Nd5 Re5 36. h3 Qg3 37. Qf1+ Kg8 38. Nf6+ Kg7 0-1

[Event "Mistrzostwa Polski Juniorów Młodszych"]
[Site "Suwałki, Poland"]
[Date "2025.04.27"]
[Round "5.7"]
[White "Szokalo, Jan"]
[Black "Sniedziewski, Emil"]
[Result "0-1"]
[WhiteElo "1591"]
[BlackElo "1985"]
[PlyCount "90"]
[EventDate "2025.??.??"]

1. h3 e5 2. e4 Nf6 3. Nc3 Bc5 4. Nf3 d6 5. Bc4 O-O 6. O-O Be6 7. Bb3 a5 8. d3 c6 9. Be3 Nbd7 10. Ng5 Bxb3 11. axb3 h6 12. Nf3 b5 13. Re1 Re8 14. Ne2 d5 15. Bxc5 Nxc5 16. exd5 Qxd5 17. Nc3 Qd6 18. Qd2 a4 19. bxa4 b4 20. Ne4 Nfxe4 21. dxe4 Qxd2 22. Nxd2 Nxa4 23. Nc4 f6 24. Red1 Nc5 25. Rxa8 Rxa8 26. f3 b3 27. cxb3 Nxb3 28. Rd6 Nd4 29. b4 Ra4 30. Na5 c5 31. Nc6 Nxc6 32. Rxc6 cxb4 33. Rb6 Ra1+ 34. Kh2 Rb1 35. Kg3 b3 36. Kh2 Kf7 37. Rb7+ Kg6 38. Kg3 h5 39. Kh2 h4 40. g3 Rb2+ 41. Kg1 hxg3 42. Rb8 Kg5 43. Rb7 Kf4 44. Rxg7 Kxf3 45. Rg6 Rb1# 0-1

[Event "Mistrzostwa Polski Juniorów Młodszych"]
[Site "Suwałki, Poland"]
[Date "2025.04.27"]
[Round "5.23"]
[White "Dorowski, Nataniel"]
[Black "Radziszewski, Leon"]
[Result "0-1"]
[WhiteElo "1621"]
[BlackElo "1598"]
[PlyCount "102"]
[EventDate "2025.??.??"]

1. e4 c5 2. Nf3 Nc6 3. Nc3 d6 4. d4 cxd4 5. Nxd4 Nf6 6. f3 g6 7. Be3 a6 8. Qd2 Bg7 9. h4 Nh5 10. Nde2 b5 11. g4 Ne5 12. Bg2 Nc4 13. Qc1 Nxe3 14. Qxe3 Nf6 15. O-O-O h5 16. g5 Nd7 17. f4 O-O 18. e5 Rb8 19. exd6 exd6 20. Rxd6 Qa5 21. Kb1 Nb6 22. Qc5 Nc4 23. Rdd1 Bg4 24. Rd3 Bxe2 25. Nxe2 Nxb2 26. Rd7 Rbc8 27. Qd6 Nc4 28. Qd3 Qb4+ 29. Qb3 Nd2+ 30. Rxd2 Qxd2 31. Bf3 Rc4 32. a3 Rfc8 33. Rc1 b4 34. a4 a5 35. f5 gxf5 36. Bxh5 Qd5 37. g6 fxg6 38. Bf3 Qe5 39. Ka2 Kh8 40. c3 bxc3 41. h5 Qe8 42. Rh1 Qxa4+ 43. Qxa4 Rxa4+ 44. Kb3 Rb4+ 45. Kc2 Rb2+ 46. Kd3 Bh6 47. Kd4 Rd2+ 48. Ke5 Re8+ 49. Kf6 Rd6+ 50. Kf7 Rde6 51. hxg6 R8e7# 0-1

[Event "Mistrzostwa Polski Juniorów Młodszych"]
[Site "Suwałki, Poland"]
[Date "2025.04.27"]
[Round "5.26"]
[White "Pisarski, Marek"]
[Black "Kupczyk, Jan"]
[Result "1-0"]
[WhiteElo "1594"]
[BlackElo "1524"]
[PlyCount "37"]
[EventDate "2025.??.??"]

1. e4 e5 2. Nf3 Nc6 3. d4 exd4 4. Nxd4 Nf6 5. Nxc6 bxc6 6. e5 Nd5 7. c4 Nb6 8. Bd3 Ba6 9. b3 Bc5 10. Bb2 Qg5 11. O-O O-O 12. Nd2 Rae8 13. Ne4 Qe7 14. Nf6+ Kh8 15. Nxe8 Rxe8 16. Qh5 h6 17. e6 Qxe6 18. Rae1 Qxe1 19. Qxh6+ 1-0

[Event "Mistrzostwa Polski Juniorów Młodszych"]
[Site "Suwałki, Poland"]
[Date "2025.04.27"]
[Round "5.17"]
[White "Cieslar, Nikodem"]
[Black "Brzeski, Karol"]
[Result "1-0"]
[WhiteElo "1686"]
[BlackElo "1510"]
[PlyCount "93"]
[EventDate "2025.??.??"]

1. e4 c5 2. c3 Nf6 3. e5 Nd5 4. d4 cxd4 5. Nf3 Nc6 6. cxd4 d6 7. Bc4 Nb6 8. Bb5 Bd7 9. exd6 e6 10. O-O Bxd6 11. Nc3 a6 12. Bd3 h6 13. Ne4 Be7 14. Bf4 Nd5 15. Nd6+ Bxd6 16. Bxd6 Qb6 17. Bc4 Nxd4 18. Qxd4 Qxd6 19. Qxg7 O-O-O 20. Ne5 Rdg8 21. Nxf7 Qe7 22. Qe5 Qxf7 23. Rac1 Bc6 24. Bxa6 Rxg2+ 25. Kh1 Rhg8 26. Rxc6+ Nc7 27. Rc3 bxa6 28. Rfc1 R2g7 29. Rxc7+ Qxc7 30. Rxc7+ Rxc7 31. Qxe6+ Kb7 32. Qxg8 Rc1+ 33. Kg2 Ka7 34. Qg7+ Ka8 35. Qxh6 Ra1 36. Qxa6+ Kb8 37. Qb6+ Ka8 38. Qb5 Ka7 39. h4 Ka8 40. h5 Ka7 41. h6 Ka8 42. h7 Ka7 43. b3 Rb1 44. Qc5+ Ka6 45. h8=Q Rg1+ 46. Kxg1 Kb7 47. Qhc8# 1-0

[Event "Mistrzostwa Polski Juniorów Młodszych"]
[Site "Suwałki, Poland"]
[Date "2025.04.27"]
[Round "5.13"]
[White "Czech, Franciszek"]
[Black "Szuminski, Jakub"]
[Result "1-0"]
[WhiteElo "1864"]
[BlackElo "1698"]
[PlyCount "117"]
[EventDate "2025.??.??"]

1. e4 c5 2. Nf3 e6 3. d4 cxd4 4. Nxd4 Nf6 5. Nc3 Nc6 6. Ndb5 Bc5 7. Bf4 O-O 8. Bc7 Qe7 9. Bd6 Bxd6 10. Qxd6 Qd8 11. O-O-O a6 12. Nd4 Ne7 13. h4 b5 14. h5 Ne8 15. Qb4 h6 16. g4 Nc6 17. Nxc6 Qg5+ 18. Kb1 dxc6 19. Be2 e5 20. Qc5 Be6 21. f3 Nf6 22. Rd6 Nd7 23. Qf2 b4 24. Na4 Rfc8 25. Rhd1 Qe7 26. Qe1 c5 27. Bc4 Nf8 28. Bxe6 Nxe6 29. Rd7 Qe8 30. Nb6 Rd8 31. R7d5 Rab8 32. Nd7 Rbc8 33. Nxe5 Nd4 34. Rxd8 Rxd8 35. f4 Qa4 36. b3 Qa5 37. Rxd4 Rxd4 38. Nc6 Qb5 39. Nxd4 cxd4 40. Qd2 Qf1+ 41. Kb2 Qf3 42. Qxd4 Qxf4 43. Qxb4 Qxg4 44. Qb8+ Kh7 45. Qe5 Qe2 46. Qf5+ Kg8 47. a4 Qe3 48. Qc8+ Kh7 49. Qf5+ Kg8 50. Qc8+ Kh7 51. Qxa6 Qd4+ 52. Ka2 g5 53. hxg6+ fxg6 54. Qb7+ Kh8 55. Qc6 Kg7 56. a5 h5 57. a6 Qd2 58. Qc7+ Kh6 59. a7 1-0

[Event "Mistrzostwa Polski Juniorów Młodszych"]
[Site "Suwałki, Poland"]
[Date "2025.04.27"]
[Round "5.18"]
[White "Tyszka, Kacper"]
[Black "Wasilewski, Mateusz"]
[Result "1/2-1/2"]
[WhiteElo "1508"]
[BlackElo "1678"]
[PlyCount "96"]
[EventDate "2025.??.??"]

1. e4 c5 2. Nf3 e6 3. d4 cxd4 4. Nxd4 a6 5. Nc3 b5 6. a3 Bb7 7. Be2 Qc7 8. Be3 Nf6 9. Bf3 Nc6 10. Nxc6 dxc6 11. Qe2 Be7 12. O-O O-O 13. Bg5 h6 14. Bh4 c5 15. Rfe1 Nxe4 16. Nxb5 axb5 17. Bxe7 Qxe7 18. Bxe4 Bxe4 19. Qxe4 Qf6 20. Qe5 Qxe5 21. Rxe5 Rfc8 22. Kf1 Kf8 23. Ke2 Ke7 24. g4 f6 25. Re3 h5 26. gxh5 Rh8 27. Rg1 Kf7 28. Rd3 Ra7 29. Rgd1 Rxh5 30. Rd7+ Rxd7 31. Rxd7+ Kg6 32. Rb7 c4 33. b3 cxb3 34. cxb3 Rc5 35. b4 Rc3 36. Ra7 Rc2+ 37. Kf3 e5 38. Ra5 Kf5 39. Rxb5 Rc3+ 40. Kg2 Rxa3 41. Rb8 g5 42. b5 Rb3 43. b6 Kf4 44. b7 f5 45. h3 e4 46. Kh2 Rb5 47. Kg2 Rb2 48. Kg1 Rb3 1/2-1/2

[Event "Mistrzostwa Polski Juniorów Młodszych"]
[Site "Suwałki, Poland"]
[Date "2025.04.27"]
[Round "5.11"]
[White "Mrozowski, Nikodem"]
[Black "Cichocki, Aleksander"]
[Result "1-0"]
[WhiteElo "1984"]
[BlackElo "1698"]
[PlyCount "81"]
[EventDate "2025.??.??"]

1. e4 e5 2. Nf3 Nc6 3. Bb5 Bc5 4. O-O d6 5. c3 Bd7 6. h3 a6 7. Ba4 b5 8. Bb3 Bb6 9. d4 Nf6 10. Bg5 h6 11. Bxf6 Qxf6 12. a4 O-O 13. d5 Ne7 14. c4 bxc4 15. Bxc4 Qg6 16. Qd3 f5 17. Nxe5 Qe8 18. Nxd7 Qxd7 19. e5 Ng6 20. e6 Qe7 21. Nd2 Qh4 22. Nf3 Qg3 23. Nd2 Qg5 24. Kh1 Qf4 25. g3 Qg5 26. f4 Qf6 27. b4 a5 28. bxa5 Rxa5 29. Nb3 Raa8 30. a5 Ba7 31. Bb5 Rab8 32. Rfc1 Rb7 33. a6 Rb6 34. Nd4 Rfb8 35. Rab1 Rc8 36. Nc6 Ra8 37. Kg2 h5 38. h4 Qxh4 39. gxh4 Nxf4+ 40. Kf3 Nxd3 41. Bxd3 1-0

[Event "Mistrzostwa Polski Juniorów Młodszych"]
[Site "Suwałki, Poland"]
[Date "2025.04.27"]
[Round "5.19"]
[White "Czech, Emil"]
[Black "Guss, Hubert"]
[Result "1-0"]
[WhiteElo "1673"]
[BlackElo "1599"]
[PlyCount "127"]
[EventDate "2025.??.??"]

1. e4 c5 2. Nf3 d6 3. d4 cxd4 4. Qxd4 Nc6 5. Qe3 Nf6 6. h3 g6 7. Be2 Bg7 8. O-O O-O 9. Rd1 Qc7 10. c4 b6 11. Nc3 Ba6 12. Rb1 Na5 13. b3 Rab8 14. Bb2 Nb7 15. Nd5 Nxd5 16. exd5 Bxb2 17. Rxb2 Rfe8 18. Qh6 f6 19. Nd4 Nd8 20. Bf3 Nf7 21. Ne6 Nxh6 22. Nxc7 Bb7 23. Nxe8 Rxe8 24. b4 Rc8 25. Re1 Kf8 26. Rc2 Nf7 27. c5 dxc5 28. bxc5 bxc5 29. Rec1 c4 30. Rxc4 Rd8 31. Rc7 Nd6 32. Rb1 Ba6 33. Rxa7 Bc4 34. a4 Ke8 35. a5 Nc8 36. Rc7 Nd6 37. Rb6 Bd3 38. a6 Ra8 39. a7 Kd8 40. Rc3 Rxa7 41. Rxd3 Ra1+ 42. Rd1 Ra2 43. Rb8+ Kd7 44. Rh8 Nc4 45. Rxh7 Nd2 46. Re1 Nxf3+ 47. gxf3 Ra3 48. Rhxe7+ Kd6 49. R7e6+ Kxd5 50. Rxf6 Kd4 51. Kg2 Ra5 52. Rxg6 Rb5 53. h4 Kc4 54. Re3 Kd4 55. Rg4+ Kd5 56. Rg5+ Kd6 57. Rxb5 Kd7 58. Rd5+ Kc6 59. Rd1 Kc5 60. Rc3+ Kb4 61. Rc8 Kb3 62. Rb1+ Ka2 63. Rb7 Ka1 64. Ra8# 1-0

[Event "Mistrzostwa Polski Juniorów Młodszych"]
[Site "Suwałki, Poland"]
[Date "2025.04.27"]
[Round "5.2"]
[White "Markowski, Adam"]
[Black "Chmielek, Milan"]
[Result "1-0"]
[WhiteElo "1790"]
[BlackElo "1954"]
[PlyCount "79"]
[EventDate "2025.??.??"]

1. d4 Nf6 2. c4 b6 3. Nf3 Bb7 4. e3 e6 5. Bd3 Be7 6. O-O O-O 7. Nc3 d6 8. b3 c5 9. d5 e5 10. e4 Nfd7 11. Be3 a6 12. a4 Bc8 13. Qc2 Bf6 14. g3 g6 15. Nd2 Bg7 16. Rae1 Nf6 17. f3 Nh5 18. Ne2 f5 19. f4 fxe4 20. Nxe4 Bh6 21. Qd2 Bg7 22. Kg2 Bf5 23. h3 Bxe4+ 24. Bxe4 Nf6 25. Bc2 Nbd7 26. fxe5 Nxe5 27. Nf4 Qd7 28. Ne6 Rf7 29. Rf2 b5 30. Ref1 Bh8 31. Bf4 bxc4 32. Bxe5 dxe5 33. bxc4 Qd6 34. Qg5 Qe7 35. h4 Re8 36. h5 Nxd5 37. Rxf7 Qxe6 38. cxd5 Qxd5+ 39. Kh2 Qa2 40. R7f2 1-0